00837nam a2200205 i 4500001000300000245018100003260003600184300003000220500001900250504002400269650002800293700003200321710009200353020001500445040000800460041001300468080001100481008004100492856009800533bg00aMetody ilościowe w badaniach ekonomicznych - III /cred. nauk. Arkadiusz Orłowski ; Szkoła Główna Gospodarstwa Wiejskiego w Warszawie. Katedra Ekonometrii i Informatyki. aWarszawa :bWydaw. SGGW,c2003. a230 s. :bwykr. ;c24 cm. aStreszcz. ang. aBibliogr. po rozdz. 9aEkonometriaxstosowanie1 aORŁOWSKI, Arkadiusz.eRed. 0aSzkoła Główna Gospodarstwa Wiejskiego (Warszawa)bKatedra Ekonometrii i Informatyki a8372444188 cBPK0 apolbeng a330.43 s pl f |000 0 pol  uhttp://koha.tu.koszalin.pl/cgi-bin/koha/opac-detail.pl?biblionumber=43189yKatalog online BPK